000 00418 a2200133 4500
999 _c325436
_d325436
001 90363
003 NUST
082 _a891.551 TAS
100 _aTasadduq Hussain Dr ; Sheikh Saadi Sherazi (RA)
_99838
245 _aHakiat e Saadi
_hUrdu
_cSheikh Saadi Sherazi
_bSaada Aasaan Aur Dilchusp Asloob
260 _aRawalpindi
_bRomail House Publications
_c2014
300 _a112p
500 _aGeneral Collection
942 _aCAE NUST
_cBK
_k891.551 TAS
_2ddc